[Event "Itzehoe op 3rd"]
[Site "Itzehoe"]
[Date "2024.05.09"]
[Round "2"]
[White "Jones, Richard S"]
[Black "Schneider, Hans Peter"]
[Result "1-0"]
[WhiteElo "2394"]
[BlackElo "2118"]
[PlyCount "99"]
[EventDate "2024.05.09"]
[EventType "swiss"]
[EventRounds "7"]
[EventCountry "GER"]
[SourceTitle "CBM 220 Extra"]
[Source "ChessBase"]
[SourceDate "2024.07.31"]
[SourceVersion "1"]
[SourceVersionDate "2024.07.31"]
[SourceQuality "1"]

1. e4 d5 2. exd5 Nf6 3. Bb5+ Bd7 4. Bxd7+ Nbxd7 5. Nf3 Nb6 6. d4 Nfxd5 7. c4 Nf6 8. c5 Nbd5 9. Ne5 e6 10. Bg5 Be7 11. Qa4+ c6 12. Qb3 0-0 13. Qxb7 Ne4 14. Nxc6 Rb8 15. Nxd8 Rxb7 16. Nxb7 Bxg5 17. 0-0 Rb8 18. Na5 Rxb2 19. Na3 Ndc3 20. c6 Bd8 21. Rfc1 Bxa5 22. Nc4 Ne2+ 23. Kh1 Nxc1 24. Rxc1 Rxa2 25. Nxa5 Rxa5 26. c7 Nxf2+ 27. Kg1 Kf8 28. c8Q+ Ke7 29. Rc7+ Kf6 30. Rxf7+ Kxf7 31. Qc7+ Kf6 32. Qxa5 Nd3 33. Qc3 Nf4 34. Qf3 Kg5 35. h4+ Kf5 36. g4+ Kg6 37. h5+ Kg5 38. Qb7 Ne2+ 39. Kf2 Nxd4 40. Qxg7+ Kh4 41. Qxd4 a5 42. Kf3 a4 43. Qf6+ Kh3 44. Qa1 Kh4 45. Kf4 e5+ 46. Kxe5 Kxg4 47. Qxa4+ Kg5 48. Qa7 h6 49. Qg1+ Kxh5 50. Kf4 1-0

[Event "Charleroi op"]
[Site "Charleroi"]
[Date "2012.08.01"]
[Round "6"]
[White "Schneider, Hans Peter"]
[Black "Grobelny, Fabrice"]
[Result "1-0"]
[WhiteElo "2130"]
[BlackElo "1961"]
[PlyCount "87"]
[EventDate "2012.07.28"]
[EventType "swiss"]
[EventRounds "9"]
[EventCountry "BEL"]
[SourceTitle "CBM 149 Extra"]
[Source "ChessBase"]
[SourceDate "2012.08.24"]
[SourceVersion "1"]
[SourceVersionDate "2012.08.24"]
[SourceQuality "1"]

1. e4 c5 2. Nf3 d6 3. Bb5+ Bd7 4. a4 Nc6 5. 0-0 Nf6 6. Re1 e6 7. c3 Be7 8. d4 cxd4 9. cxd4 d5 10. e5 Ne4 11. Bd3 f5 12. exf6 Nxf6 13. Nc3 0-0 14. Bg5 Qe8 15. Bh4 Qh5 16. Bg3 Rf7 17. Bb5 Bf8 18. Rc1 Re8 19. Bd3 g6 20. Nb5 Bh6 21. Rc3 Bf8 22. Nd6 Bxd6 23. Bxd6 a6 24. b4 Nxd4 25. Nxd4 Qxd1 26. Rxd1 e5 27. Ne2 Bxa4 28. Rdc1 Bc6 29. f3 Rd7 30. Bc5 d4 31. Bc4+ Kg7 32. Ra3 Nd5 33. Bxd5 Rxd5 34. Ng3 Re6 35. Ne4 h6 36. g4 Rd7 37. b5 Bxb5 38. Bb4 b6 39. Kf2 a5 40. Bd2 Bc6 41. Rb1 Bd5 42. Rc1 Rf7 43. Kg3 h5 44. Ng5 1-0

[Event "Charleroi op"]
[Site "Charleroi"]
[Date "2012.07.30"]
[Round "3"]
[White "Sarrau, Jelle"]
[Black "Schneider, Hans Peter"]
[Result "1-0"]
[WhiteElo "2306"]
[BlackElo "2130"]
[PlyCount "65"]
[EventDate "2012.07.28"]
[EventType "swiss"]
[EventRounds "9"]
[EventCountry "BEL"]
[SourceTitle "CBM 149 Extra"]
[Source "ChessBase"]
[SourceDate "2012.08.24"]
[SourceVersion "1"]
[SourceVersionDate "2012.08.24"]
[SourceQuality "1"]

1. d4 d5 2. c4 e6 3. Nc3 c5 4. cxd5 exd5 5. Nf3 Nc6 6. g3 Nf6 7. Bg2 Be7 8. 0-0 0-0 9. Bg5 cxd4 10. Nxd4 h6 11. Be3 Re8 12. Qb3 Na5 13. Qb5 Bd7 14. Qd3 Bg4 15. h3 Be6 16. Rad1 Nc4 17. Bc1 Qa5 18. Nxe6 fxe6 19. e4 Nb6 20. exd5 exd5 21. Be3 Kh8 22. Bxb6 Qxb6 23. Nxd5 Qxb2 24. Rb1 Qe5 25. Nf4 Qd6 26. Qg6 Bf8 27. Rxb7 a5 28. Qf5 Ra6 29. Rfb1 Kg8 30. Bf1 Rc6 31. Qb5 Rc3 32. Bc4+ Kh7 33. Qf5+ 1-0

[Event "Kleve op"]
[Site "Kleve"]
[Date "2002.05.09"]
[Round "2"]
[White "Schneider, Hans Peter"]
[Black "Guelsen, Taylan"]
[Result "0-1"]
[WhiteElo "2134"]
[BlackElo "2087"]
[PlyCount "94"]
[EventDate "2002.05.09"]
[EventType "swiss"]
[EventRounds "7"]
[EventCountry "GER"]
[SourceTitle "EXT 2008"]
[Source "ChessBase"]
[SourceDate "2007.11.25"]
[SourceVersion "1"]
[SourceVersionDate "2007.11.25"]
[SourceQuality "1"]

1. e4 e5 2. f4 exf4 3. Nf3 g5 4. h4 g4 5. Ne5 Nf6 6. Nxg4 Nxe4 7. Qe2 Qe7 8. d3 Ng3 9. Qxe7+ Bxe7 10. Rh3 Nxf1 11. Kxf1 d6 12. Nf2 Bxh3 13. Nxh3 Bxh4 14. Bxf4 Bf6 15. c3 Nc6 16. Nd2 0-0-0 17. Ne4 Be7 18. d4 h6 19. Re1 Rde8 20. Re2 Bd8 21. g3 f5 22. Nd2 Rxe2 23. Kxe2 h5 24. Nf3 h4 25. gxh4 Bxh4 26. Nhg5 Bxg5 27. Bxg5 Rh1 28. Kd2 Kd7 29. Kc2 Rf1 30. Nd2 Rf2 31. Kd3 f4 32. Ne4 Rxb2 33. Bxf4 Rxa2 34. d5 Ne5+ 35. Bxe5 dxe5 36. Nc5+ Kd6 37. Nxb7+ Kxd5 38. c4+ Kc6 39. Nd8+ Kd6 40. Nb7+ Ke6 41. Nc5+ Kf6 42. Ne4+ Kf5 43. Ng3+ Kg4 44. Ne4 a5 45. Nc5 Kf3 46. Ne4 Ra3+ 47. Nc3 Rxc3+ 0-1

[Event "Kreuzberg CC-ch"]
[Site "Berlin"]
[Date "2002.03.12"]
[Round "8"]
[White "Gebigke, Martin"]
[Black "Schneider, Hans Peter"]
[Result "1-0"]
[WhiteElo "2169"]
[BlackElo "2134"]
[PlyCount "85"]
[EventDate "2002.01.15"]
[EventType "swiss"]
[EventRounds "9"]
[EventCountry "GER"]
[SourceTitle "EXT 2003"]
[Source "ChessBase"]
[SourceDate "2002.11.25"]
[SourceVersion "1"]
[SourceVersionDate "2002.11.25"]
[SourceQuality "1"]

1. e4 c5 2. Nc3 Nc6 3. g3 g6 4. Bg2 Bg7 5. d3 d6 6. Be3 e6 7. Qd2 Rb8 8. f4 Nge7 9. Nf3 Nd4 10. 0-0 0-0 11. Nh4 b5 12. Nd1 b4 13. c3 bxc3 14. bxc3 Ndc6 15. f5 f6 16. fxe6 Bxe6 17. Kh1 Ne5 18. Nf3 Qa5 19. Nxe5 dxe5 20. Bh6 Rbd8 21. Bxg7 Kxg7 22. Qe2 Nc6 23. Rb1 Qxa2 24. Rb7+ Rf7 25. Rxf7+ Bxf7 26. Qf3 Qe6 27. Ne3 Ne7 28. Bh3 Qd6 29. c4 a5 30. Nd5 Ng8 31. Ra1 Ra8 32. Qd1 Ne7 33. Rb1 a4 34. Rb6 Qd8 35. Rb7 Bxd5 36. cxd5 a3 37. Qg1 Kh6 38. Rd7 Qe8 39. d6 Nf5 40. Qc1+ g5 41. Bxf5 Qg8 42. Qf1 g4 43. Qc1+ 1-0

[Event "Kreuzberg CC-ch"]
[Site "Berlin"]
[Date "2002.02.26"]
[Round "6"]
[White "Schneider, Hans Peter"]
[Black "Von Herman, Ulf"]
[Result "0-1"]
[WhiteElo "2134"]
[BlackElo "2374"]
[PlyCount "80"]
[EventDate "2002.01.15"]
[EventType "swiss"]
[EventRounds "9"]
[EventCountry "GER"]
[SourceTitle "EXT 2003"]
[Source "ChessBase"]
[SourceDate "2002.11.25"]
[SourceVersion "1"]
[SourceVersionDate "2002.11.25"]
[SourceQuality "1"]

1. e4 c5 2. Nf3 Nc6 3. d4 cxd4 4. Nxd4 Nf6 5. Nc3 e5 6. Ndb5 d6 7. Bg5 a6 8. Na3 b5 9. Nd5 Be7 10. Bxf6 Bxf6 11. c3 0-0 12. Nc2 Rb8 13. Bd3 Bg5 14. Nce3 Be6 15. 0-0 Ne7 16. Nxe7+ Qxe7 17. Qe2 g6 18. Kh1 f5 19. f3 Bf4 20. Rfd1 Kh8 21. Nf1 Qf7 22. Bc2 Bc4 23. Qf2 Rfd8 24. Ne3 Bxe3 25. Qxe3 f4 26. Qd2 Rb6 27. Qf2 Rc6 28. a3 g5 29. Rd2 Rg8 30. Rad1 Qe7 31. Kg1 h5 32. g3 g4 33. fxg4 Rxg4 34. Kh1 fxg3 35. hxg3 h4 36. Rg1 hxg3 37. Rxg3 Qh4+ 38. Kg2 Rc7 39. Rxg4 Qxg4+ 40. Qg3 Bf1+ 0-1

[Event "Kreuzberg CC-ch"]
[Site "Berlin"]
[Date "2002.01.29"]
[Round "3"]
[White "Albrecht, Rainer"]
[Black "Schneider, Hans Peter"]
[Result "1/2-1/2"]
[WhiteElo "2219"]
[BlackElo "2134"]
[PlyCount "104"]
[EventDate "2002.01.15"]
[EventType "swiss"]
[EventRounds "9"]
[EventCountry "GER"]
[SourceTitle "EXT 2003"]
[Source "ChessBase"]
[SourceDate "2002.11.25"]
[SourceVersion "1"]
[SourceVersionDate "2002.11.25"]
[SourceQuality "1"]

1. d4 d5 2. c4 e6 3. Nc3 c5 4. cxd5 exd5 5. Nf3 Nc6 6. g3 Nf6 7. Bg2 Be7 8. 0-0 0-0 9. Bg5 cxd4 10. Nxd4 h6 11. Be3 Re8 12. Qa4 Bd7 13. Rfd1 Na5 14. Qc2 Nc4 15. Nxd5 Nxd5 16. Bxd5 Nxe3 17. fxe3 Bg5 18. e4 Qf6 19. Qd3 Bh3 20. Rf1 Bxf1 21. Rxf1 Qb6 22. Bxf7+ Kh8 23. Bxe8 Rxe8 24. b3 Rd8 25. e3 Qa5 26. h4 Qe5 27. Kg2 Bxe3 28. Qxe3 Rxd4 29. Re1 g5 30. hxg5 hxg5 31. Qc3 Kg7 32. Re2 Kg6 33. Qc8 Rxe4 34. Qg8+ Kh6 35. Qf8+ Kg6 36. Rf2 Re2 37. Qf7+ Kh6 38. Qxb7 Rxf2+ 39. Kxf2 Qb2+ 40. Kf3 Qxa2 41. Qc6+ Kg7 42. Qd7+ Kf6 43. Qd6+ Kf7 44. Qd5+ Kf6 45. Qd8+ Kg6 46. Qd3+ Kf6 47. Kg4 Qa5 48. Kh5 Qf5 49. Qd8+ Kg7 50. Qc7+ Kf6 51. Qc3+ Kf7 52. Qc7+ Kf6 1/2-1/2

[Event "Berlin Eckbauer op 4th"]
[Site "Berlin"]
[Date "2001.10.22"]
[Round "4"]
[White "Figura, Aleksandar"]
[Black "Schneider, Hans Peter"]
[Result "0-1"]
[WhiteElo "1576"]
[BlackElo "2095"]
[PlyCount "48"]
[EventDate "2001.10.??"]
[EventType "swiss"]
[EventRounds "7"]
[EventCountry "GER"]
[SourceTitle "EXT 2005"]
[Source "ChessBase"]
[SourceDate "2004.11.15"]
[SourceVersion "1"]
[SourceVersionDate "2004.11.15"]
[SourceQuality "1"]

1. d4 d5 2. e4 dxe4 3. Nc3 Nf6 4. f3 e3 5. Bc4 e6 6. Bxe3 Be7 7. Qd2 0-0 8. 0-0-0 Nd5 9. Nxd5 exd5 10. Bd3 Nd7 11. g4 c5 12. c3 c4 13. Bb1 Re8 14. h4 Nf8 15. Bg5 b5 16. Nh3 a5 17. Bxe7 Rxe7 18. Ng5 Qd6 19. h5 b4 20. cxb4 axb4 21. Nxh7 Nxh7 22. Bxh7+ Kxh7 23. h6 g6 24. f4 Bxg4 0-1

[Event "Berlin op 10"]
[Site "Berlin"]
[Date "2000.11.20"]
[Round "6"]
[White "Draheim, Robert"]
[Black "Schneider, Hans Peter"]
[Result "1/2-1/2"]
[WhiteElo "2174"]
[BlackElo "2014"]
[PlyCount "100"]
[EventDate "2000.10.16"]
[EventType "swiss"]
[EventRounds "7"]
[EventCountry "GER"]
[SourceTitle "EXT 2007"]
[Source "ChessBase"]
[SourceDate "2006.11.23"]
[SourceVersion "1"]
[SourceVersionDate "2006.11.23"]
[SourceQuality "1"]

1. e4 c5 2. Nf3 Nf6 3. Nc3 Nc6 4. d4 d5 5. exd5 Nxd5 6. Bc4 Nxc3 7. bxc3 e6 8. 0-0 Be7 9. Qe2 Qc7 10. Re1 0-0 11. Rb1 Bd7 12. Bd2 Na5 13. Bb5 Bxb5 14. Qxb5 b6 15. c4 a6 16. Qxb6 Qxb6 17. Rxb6 Nxc4 18. Rb7 Bd6 19. dxc5 Bxc5 20. Bf4 Bd6 21. Bxd6 Nxd6 22. Rd7 Rfd8 23. Rxd8+ Rxd8 24. Rd1 Nb7 25. Rxd8+ Nxd8 26. Kf1 Kf8 27. Ke2 Ke7 28. Kd3 Kd6 29. Nd4 g6 30. f4 f6 31. Ke4 Nb7 32. Nb3 Nc5+ 33. Kd4 e5+ 34. fxe5+ fxe5+ 35. Ke3 Nd7 36. h3 Kd5 37. Nd2 Nb6 38. Kd3 Nd7 39. c4+ Kc6 40. Kc3 Nc5 41. Nf3 Ne4+ 42. Kb4 Kd6 43. a3 Nf6 44. Kc3 Ne4+ 45. Kd3 Nc5+ 46. Kc3 Ne4+ 47. Kb4 Nf6 48. Kc3 Ne4+ 49. Kd3 Nc5+ 50. Kc3 Ne4+ 1/2-1/2

[Event "Berlin op 10"]
[Site "Berlin"]
[Date "2000.10.30"]
[Round "3"]
[White "Zemkus, Arvid"]
[Black "Schneider, Hans Peter"]
[Result "0-1"]
[WhiteElo "1605"]
[BlackElo "2014"]
[PlyCount "64"]
[EventDate "2000.10.16"]
[EventType "swiss"]
[EventRounds "7"]
[EventCountry "GER"]
[SourceTitle "EXT 2007"]
[Source "ChessBase"]
[SourceDate "2006.11.23"]
[SourceVersion "1"]
[SourceVersionDate "2006.11.23"]
[SourceQuality "1"]

1. e4 c5 2. f4 Nc6 3. Nf3 g6 4. Nc3 Bg7 5. Bc4 e6 6. d3 Nge7 7. 0-0 0-0 8. Bd2 d6 9. Qe1 Nd4 10. Nxd4 cxd4 11. Ne2 d5 12. Bb3 dxe4 13. dxe4 b6 14. Rf3 Bb7 15. Ng3 a5 16. Bc4 Ba6 17. Bxa6 Rxa6 18. Qe2 Ra7 19. Raf1 f5 20. exf5 exf5 21. Qe6+ Kh8 22. Re1 Nd5 23. c4 dxc3 24. Bxc3 Re7 25. Qc6 Bxc3 26. Rxe7 Bd4+ 27. Kh1 Nxe7 28. Qc4 Bxb2 29. Rb3 Qd1+ 30. Nf1 Rc8 31. Qb5 Rc1 32. h3 Qxf1+ 0-1

[Event "Dortmund Sparkassen op-A"]
[Site "Dortmund"]
[Date "2000.07.08"]
[Round "2"]
[White "Schneider, Hans Peter"]
[Black "Kercher, Peter"]
[Result "1-0"]
[WhiteElo "2073"]
[BlackElo "2164"]
[PlyCount "71"]
[EventDate "2000.07.07"]
[EventType "swiss"]
[EventRounds "10"]
[EventCountry "GER"]
[SourceTitle "EXT 2001"]
[Source "ChessBase"]
[SourceDate "2000.11.22"]
[SourceVersion "1"]
[SourceVersionDate "2000.11.22"]
[SourceQuality "1"]

1. e4 c5 2. Nf3 d6 3. d4 cxd4 4. Nxd4 Nf6 5. Nc3 a6 6. Be2 e6 7. Be3 Be7 8. 0-0 0-0 9. f4 Qc7 10. a4 Nc6 11. Kh1 Bd7 12. Nb3 b6 13. Bf3 Rab8 14. Qe2 Bc8 15. Rad1 Na5 16. Nd4 Re8 17. Bc1 Bf8 18. e5 dxe5 19. fxe5 Nd7 20. Bf4 Bb7 21. Bxb7 Qxb7 22. Rd3 Rbc8 23. Rh3 g6 24. Qg4 Nc4 25. Qh4 h5 26. Nf3 Nxb2 27. Ng5 Bg7 28. Rhf3 Nc4 29. Nxf7 Rf8 30. Qg5 Rxf7 31. Qxg6 Ndxe5 32. Qxe6 Nxf3 33. Rxf3 Qe7 34. Qxc8+ Kh7 35. Qxc4 Bxc3 36. Qxc3 1-0